Forest Management Program annual report : national summary /

Documents selected forest management program accomplishments, estimates various program-related economic effects, and sets forth the revenues that were received and expenditures that were incurred as a consequence of the program.

Bibliographic Details
Previous Title:Timber sale program annual report
Corporate Authors: United States. Forest Management Program, United States. Forest Service
Format: Government Document Serial
Language:English
Published: [Washington, DC] : The Service, 1997-
Subjects:
Online Access:https://purl.fdlp.gov/GPO/LPS6658

MARC

Tag First Indicator Second Indicator Subfields
LEADER 00000cas a2200000 a 4500
001 in00000002962
006 m d f
007 cr gnu
008 990201c19969999dcuar s s f0 0eng d
005 20230309222521.9
010 |a sn 99015240  
035 |a (OCoLC)ocm41599058 
035 |9 AJE4349AM 
035 |a in00000002962 
040 |a AGL  |c AGL  |d GPO  |d MvI  |d UtOrBLW 
042 |a lcd 
043 |a n-us--- 
049 |a WWW 
050 1 4 |a SD427.T5  |b U525b 
070 0 |a aSD427.E35T56 
072 0 |a K200 
074 |a 0084 (online) 
086 0 |a A 13.2:M 31/17/ 
110 1 |a United States.  |b Forest Management Program. 
240 1 0 |a Forest Management Program annual report (Online) 
245 1 0 |a Forest Management Program annual report :  |b national summary /  |c United States Department of Agriculture, Forest Service. 
246 1 |i Title from title page:  |a Timber Sale Program Information Reporting System (TSPIRS) 
264 1 |a [Washington, DC] :  |b The Service,  |c 1997- 
336 |a text  |b txt  |2 rdacontent 
337 |a computer  |b c  |2 rdamedia 
338 |a online resource  |b cr  |2 rdacarrier 
362 0 |a Fiscal year 1996- 
310 |a Annual 
500 |a Shipping List #: 99-0213-M 
500 |a Shipping List Date: 01/20/99 
516 |a Electronic journal in Adobe Acrobat format 
538 |a Mode of access: Internet from the Forest Service web site. Address as of 6/23/99: http://www.fs.fed.us/land/fm/tspirs/tspirs.htm; current access is available via PURL. 
500 |a Paper copies available from: U.S. Dept. of Agriculture, Forest Service, P.O. Box 96090, Washington, DC 20090-6090. 
500 |a Title from cover (viewed on June 23, 1999). 
500 |a Some issues have numbering, i.e. issue for 1996 called FS-591. 
500 |a Some issues distributed to depository libraries in microfiche with title: Forest management program report. 
520 |a Documents selected forest management program accomplishments, estimates various program-related economic effects, and sets forth the revenues that were received and expenditures that were incurred as a consequence of the program. 
530 |a Also available in print (print issue may have maps not included in online version). 
500 |a Electronic resource. 
650 0 |a Timber  |x Economic aspects  |z United States  |v Periodicals. 
650 0 |a Forest reserves  |x Economic aspects  |z United States  |v Periodicals. 
650 0 |a Logging  |x Economic aspects  |z United States  |v Periodicals. 
610 1 0 |a United States.  |b Forest Service  |v Periodicals. 
776 1 |a United States. Forest Forest Management Program.  |t Forest Management Program annual report  |w (OCoLC)38452624  |w (DLC) 98649931 
780 0 0 |t Timber sale program annual report  |w (DLC) 95015553  |w (OCoLC)33962706 
710 1 |a United States.  |b Forest Service. 
740 0 |a Forest management program report 
856 4 0 |u https://purl.fdlp.gov/GPO/LPS6658  |t 0 
999 |a MARS 
999 f f |i eb49920b-862d-3895-ac54-cdc539ab9b9f  |s 4a17f794-6895-3aa0-a401-4a679212252b  |t 0 
952 f f |p normal  |a Texas A&M University  |b College Station  |c Sterling C. Evans Library  |d Evans: US Documents Microfiche (3rd floor)  |t 0  |e A 13.2:M 31/17  |h Superintendent of Documents classification  |i computer -- online resource  |l 1998  |m A14828677975 
952 f f |p normal  |a Texas A&M University  |b College Station  |c Sterling C. Evans Library  |d Evans: US Documents Microfiche (3rd floor)  |t 0  |e A 13.2:M 31/17  |h Superintendent of Documents classification  |i computer -- online resource  |m A14824436107 
952 f f |p normal  |a Texas A&M University  |b College Station  |c Sterling C. Evans Library  |d Evans: US Documents Microfiche (3rd floor)  |t 0  |e A 13.2:M 31/17  |h Superintendent of Documents classification  |i computer -- online resource  |k 1996  |m A14829341763 
952 f f |a Texas A&M University  |b College Station  |c Electronic Resources  |d Available Online  |t 0  |e A 13.2:M 31/17/  |h Superintendent of Documents classification 
998 f f |a A 13.2:M 31/17/  |t 0  |l Available Online 
998 f f |a A 13.2:M 31/17  |s 1996,1998  |t 0  |l Evans: US Documents Microfiche (3rd floor)